Reelle und Vektorwertige Quasimartingale und die Theorie der Stochastischen Integration
সংরক্ষণ করুন:
| প্রধান লেখক: | |
|---|---|
| বিন্যাস: | গ্রন্থ |
| ভাষা: | জার্মান |
| প্রকাশিত: |
Berlín
Springer-Verlag
1977
|
| মালা: | Lecture Notes in Mathematics, 607
|
| বিষয়গুলি: | |
| ট্যাগগুলো: |
ট্যাগ যুক্ত করুন
কোনো ট্যাগ নেই, প্রথমজন হিসাবে ট্যাগ করুন!
|
MARC
| LEADER | 00000nam a2200000 a 4500 | ||
|---|---|---|---|
| 001 | UCP2236 | ||
| 003 | CL-VaPUC | ||
| 008 | 990507e19770000GW |||||||||||||||||ger|d | ||
| 082 | 0 | 4 | |a 519.2 |b MET |2 21 |
| 100 | |a Métivier, Michel |e autor |9 428800 | ||
| 245 | 1 | 0 | |a Reelle und Vektorwertige Quasimartingale und die Theorie der Stochastischen Integration |
| 300 | |a 310 p | ||
| 942 | |c BK | ||
| 945 | |d 19990507 00:00:00 |a crobeson | ||
| 260 | |a Berlín |b Springer-Verlag |c 1977 | ||
| 650 | 7 | |a INTEGRALES ESTOCASTICOS |2 CL-VaPUC |9 428133 | |
| 650 | 0 | |a Procesos estocásticos |9 260364 | |
| 583 | |a last modification |c 19990507 00:00:00 |k Rodrigo Vera | ||
| 490 | 0 | |a Lecture Notes in Mathematics, 607 | |
| 999 | |c 280796 |d 280794 | ||
| 952 | |0 0 |1 0 |4 0 |6 519_200000000000000_MET_1977 |7 0 |8 A |9 321302 |a BIBGIM |b BIBGIM |d 2019-11-20 |i 1344854 |o 519.2 MET 1977 |p 1344854 |r 2025-01-15 |w 2019-11-20 |y BK |k EST | ||